00229nam a2200097Ia 4500008004100000041001200041100001500053245005100068260000600119650000600125221030s9999 xx 000 0 und d aEnglish aJ. M. Duff 0aDesigning Interactive Web Sitescby J. M. Duff c0 aB